|
|
|
|
| LEADER |
00000nam0a2200000 4500 |
| 001 |
304972 |
| 005 |
20231102001744.0 |
| 020 |
|
|
|a RU
|b 83-50021
|
| 035 |
|
|
|a (RuTPU)RU\TPU\book\330232
|
| 090 |
|
|
|a 304972
|
| 100 |
|
|
|a 20150921d1983 km y0rusy5003 ca
|
| 101 |
0 |
|
|a rus
|
| 102 |
|
|
|a RU
|
| 105 |
|
|
|a ac z 000zb
|
| 200 |
1 |
|
|a Карл Маркс и современность
|e [сборник статей]
|f сост. Г. Л. Смирнов
|
| 210 |
|
|
|a Москва
|c Политиздат
|d 1983
|
| 215 |
|
|
|a 223 с.
|c 1 л. портр.
|
| 600 |
|
1 |
|a Маркс
|g Карл
|b К.
|c немецкий мыслитель
|c общественный деятель
|c основоположник марксизма
|f 1818-1883
|2 stltpush
|3 (RuTPU)RU\TPU\pers\297
|
| 606 |
1 |
|
|a Маркс К.
|x Жизнь и деятельность
|2 stltpush
|3 (RuTPU)RU\TPU\subj\39700
|9 59660
|
| 606 |
1 |
|
|a Марксизм-ленинизм
|x Философия
|2 stltpush
|3 (RuTPU)RU\TPU\subj\41050
|9 60869
|
| 610 |
1 |
|
|a марксистская теория
|
| 610 |
1 |
|
|a марксистская политэкономия
|
| 610 |
1 |
|
|a социалистическое строительство
|
| 610 |
1 |
|
|a диалектика
|
| 610 |
1 |
|
|a всемирно-исторический процесс
|
| 610 |
1 |
|
|a революционные преобразования
|
| 610 |
1 |
|
|a общественная мысль
|
| 686 |
|
|
|a Ю3(0)6-602.33
|2 rubbk
|
| 686 |
|
|
|a Ю0
|2 rubbk
|
| 702 |
|
1 |
|a Смирнов
|b Г. Л.
|4 220
|
| 801 |
|
0 |
|a RU
|b RuMRKP
|c 19950704
|g psbo
|
| 801 |
|
1 |
|a RU
|b 63413507
|c 20150921
|
| 801 |
|
2 |
|a RU
|b 63413507
|c 20180625
|g RCR
|
| 942 |
|
|
|c BK
|